000 00342nam a2200133Ia 4500
005 20251222141838.0
008 251222s9999||||xx |||||||||||||| ||spa||
082 _a571.4/Q39
100 _aQuezada Castilla, Elvar
245 0 _aBiofĂ­sica Aplicada a las Ciencias de la Vida y la Salud
250 _a2a.ed.
264 _bCONCYTEC
942 _cLIB
999 _c7346
_d7346